000
00322nam a22001457a 4500
003
OSt
005
20220303102332.0
008
220303b |||||||| |||| 00| 0 eng d
020
_a
8178084236
040
_c
H U
082
_2
2ed
_a
970.285
100
_a
McMahon Chris
_9
31949
245
_a
C A D CAM
942
_2
ddc
_c
BOOKS
_n
0
999
_c
32031
_d
32031